| 000 | 00746nam a2200253Ia 4500 | ||
|---|---|---|---|
| 003 | OSt | ||
| 005 | 20221006153658.0 | ||
| 006 | a|||||r|||| 00| 0 | ||
| 007 | ta | ||
| 008 | 221006b |||||||| |||| 00| 0 eng d | ||
| 020 |
_a0861713222 _cY2,009 |
||
| 024 | _a33,034 | ||
| 037 |
_bgift, Shinnyo-en _cTextual |
||
| 040 |
_aEASL _cEASL _beng |
||
| 041 |
_2eng _aeng |
||
| 082 | _aO42,1F18x, P2 | ||
| 100 |
_aLAFLEUR William R. Au. _9664921 |
||
| 245 | 0 |
_aAwesome Nightfall _bTha life,Times and Poetry of Saigyo |
|
| 260 |
_aBoston _bWisdom Publications _c2003 |
||
| 300 |
_axiii,175p. _ccm. |
||
| 490 | _v JEL | ||
| 942 |
_hO42,1F18x, P2 _cTEXL _2CC |
||
| 999 |
_c1101120 _d1101120 |
||